Football General Knowledge Quiz #4 - Statistics

General Stats
  • This quiz has been taken 532 times
  • The average score is 14 of 20
Answer Stats
Answer % Correct
Sergio Ramos I Edgar Davids I Zlatan Ibrahimovic
94%
Achraf Hakimi
93%
Thomas Muller
91%
Pep Guardiola
90%
Borussia Dortmund
89%
Zinedine Zidane
83%
Sergi Roberto
81%
2014
77%
Comeback
76%
Montpellier Herault SC
69%
Florentino Perez
67%
Ousmane Dembele
67%
Luton Town
65%
Signal Iduna Park
57%
Scudetto
54%
Pierluigi Collina
52%
Atletico Madrid
48%
Fulham FC
48%
Cameroon
41%
Emmanuel Petit
32%
No matching quizzes found
Score Distribution
Percent of People with Each Score
Percentile by Number Answered
Your Score History
You have not taken this quiz